000 00972nam a2200289Ia 4500
001 Para_587
003 CHAP
008 220125s1993 xx 000 0 und d
010 _a199347
040 _cCHAP
090 _aPA TESIS 661
100 _aAviles Baeza, Wilson
_9164621
245 _aInterferencia entre la maleza y el tomate de cáscara (Physalis ixocarpa Brot.) en Chapingo, Méx. /
_c por Wilson Aviles Baeza
260 _aChapingo, Méx :
_b el autor
300 _a77 h.
502 _aTesis (Ing. Agr. Esp. en Parasitología Agrícola) -- UACh. Departamento Parasitología Agrícola
650 _aTomate verde
_x malas hierbas
_xcontrol
_9113824
650 _aTomate verde
_xMéxico
_9149581
710 _aUACh. Departamento Parasitología Agrícola
_9164025
901 _aPA TESIS 661
902 _aA
905 _a0000001993 0000000000 00
910 _a1993
942 _cPARA
942 _cPARA
_d1
999 _c199347
_d199347